[Event "Montcalm op 1 2017-18"]
[Site "Quebec CAN"]
[Date "2017.09.28"]
[Round "4"]
[White "Sarra-Bournet, Marc"]
[Black "Auger, Bertrand"]
[Result "0-1"]
[WhiteElo "1767"]
[BlackElo "1946"]
[WhiteFideId "-1"]
[WhiteFideId "-1"]
[PlyCount "142"]
[GameId "2160767908347022"]
[EventDate "2017.09.07"]
[EventType "swiss"]
[EventRounds "5"]
[EventCountry "CAN"]
[SourceTitle "EXT 2022"]
[Source "ChessBase"]
[SourceDate "2021.10.06"]
[SourceVersion "1"]
[SourceVersionDate "2021.10.06"]
[SourceQuality "1"]

1. e4 e6 2. d4 d5 3. Nd2 c5 4. Ngf3 Nc6 5. c3 Nf6 6. e5 Nd7 7. Bd3 Be7 8. O-O O-O 9. Re1 Qc7 10. Nf1 f6 11. exf6 Nxf6 12. Ng3 Bd7 13. Ng5 cxd4 14. Nh5 g6 15. Nxf6+ Rxf6 16. Nxh7 Kg7 17. Nxf6 Bxf6 18. cxd4 Rh8 19. h3 Rh4 20. Qc2 Qd6 21. Bxg6 Nxd4 22. Qd3 Bb5 23. Qg3 Qxg3 24. fxg3 Rh8 25. Bb1 Ne2+ 26. Rxe2 Bxe2 27. Bc2 Rc8 28. Bb3 Bd4+ 29. Kh2 Rf8 30. Bf4 Bb5 31. Re1 Kf6 32. Bc1 Bf2 33. Rd1 Rc8 34. Bf4 d4 35. a4 Be2 36. Rd2 d3 37. Bd1 Be1 38. Rxe2 dxe2 39. Bxe2 Rc2 40. Bd3 Rxb2 41. h4 Bc3 42. Bg5+ Kf7 43. h5 Bf6 44. Bf4 Rb4 45. Bc2 Rc4 46. Bd1 Rd4 47. Bc2 b6 48. Kh3 Rc4 49. Bd1 Rd4 50. Bc2 Rc4 51. Bd1 a6 52. Be3 b5 53. axb5 axb5 54. Bf4 b4 55. Bd6 Rd4 56. Bxb4 Rxb4 57. g4 Bg5 58. Bf3 Kf6 59. Kg3 e5 60. Kf2 e4 61. Be2 Ke5 62. g3 Kd4 63. Bf1 Rb2+ 64. Be2 Rb1 65. Bf1 Rb2+ 66. Be2 Be3+ 67. Kf1 Kc3 68. Ke1 Rb1+ 69. Bd1 Kd3 70. g5 Bxg5 71. g4 e3 0-1

[Event "Montcalm op 1 2017-18"]
[Site "Quebec CAN"]
[Date "2017.10.05"]
[Round "5"]
[White "Cummins, Paul"]
[Black "Gaulin, Gaetan"]
[Result "0-1"]
[WhiteElo "1755"]
[BlackElo "1969"]
[WhiteFideId "-1"]
[WhiteFideId "-1"]
[PlyCount "62"]
[GameId "2160767908347023"]
[EventDate "2017.09.07"]
[EventType "swiss"]
[EventRounds "5"]
[EventCountry "CAN"]
[SourceTitle "EXT 2022"]
[Source "ChessBase"]
[SourceDate "2021.10.06"]
[SourceVersion "1"]
[SourceVersionDate "2021.10.06"]
[SourceQuality "1"]

1. Nf3 Nf6 2. g3 g6 3. Bg2 Bg7 4. d4 d5 5. O-O O-O 6. Nbd2 c6 7. c4 Na6 8. b3 Bf5 9. a3 Nc7 10. Bb2 Qd7 11. Ne5 Qe6 12. Ndf3 Ne4 13. Re1 g5 14. Nd2 Bxe5 15. dxe5 Qg6 16. cxd5 cxd5 17. Nf3 Rfd8 18. Nd4 g4 19. Rc1 Rd7 20. Qd3 e6 21. Nxf5 exf5 22. f3 gxf3 23. exf3 Ng5 24. f4 Ne4 25. Re2 Rad8 26. Rec2 Ne6 27. Rc8 h5 28. Rxd8+ Rxd8 29. Re1 Kh7 30. Bd4 a6 31. Bxe4 dxe4 0-1

[Event "Montcalm op 1 2017-18"]
[Site "Quebec CAN"]
[Date "2017.10.05"]
[Round "5"]
[White "Dube, Dominic"]
[Black "Cournoyer, Dominic"]
[Result "1/2-1/2"]
[WhiteElo "1892"]
[BlackElo "1945"]
[WhiteFideId "-1"]
[WhiteFideId "-1"]
[PlyCount "72"]
[GameId "2160767908347024"]
[EventDate "2017.09.07"]
[EventType "swiss"]
[EventRounds "5"]
[EventCountry "CAN"]
[SourceTitle "EXT 2022"]
[Source "ChessBase"]
[SourceDate "2021.10.06"]
[SourceVersion "1"]
[SourceVersionDate "2021.10.06"]
[SourceQuality "1"]

1. e4 d5 2. exd5 Qxd5 3. Nc3 Qa5 4. d4 Nf6 5. Bd2 Qb6 6. Nf3 c6 7. Na4 Qc7 8. Bd3 Bg4 9. Nc5 e5 10. Bg5 Bxc5 11. Bxf6 gxf6 12. dxc5 Qe7 13. Qe2 Nd7 14. h3 Bxf3 15. Qxf3 Qxc5 16. O-O-O O-O-O 17. Bf5 Qe7 18. Qd3 Kc7 19. Bxh7 Nc5 20. Qf5 Qe6 21. Qxe6 fxe6 22. Rxd8 Kxd8 23. Rd1+ Ke7 24. Bd3 f5 25. f3 f4 26. Rd2 Rg8 27. b4 Na4 28. Be4 Nc3 29. Kb2 Nd5 30. Bxd5 exd5 31. Kc3 Rg3 32. Re2 Kd6 33. Kd2 b6 34. c3 c5 35. a3 a6 36. Kc2 c4 1/2-1/2

[Event "Montcalm op 1 2017-18"]
[Site "Quebec CAN"]
[Date "2017.10.05"]
[Round "5"]
[White "Levesque-Duchesne, Merlin"]
[Black "Lessard, Claude"]
[Result "0-1"]
[WhiteElo "1697"]
[BlackElo "2124"]
[WhiteFideId "-1"]
[WhiteFideId "-1"]
[PlyCount "106"]
[GameId "2160767908347025"]
[EventDate "2017.09.07"]
[EventType "swiss"]
[EventRounds "5"]
[EventCountry "CAN"]
[SourceTitle "EXT 2022"]
[Source "ChessBase"]
[SourceDate "2021.10.06"]
[SourceVersion "1"]
[SourceVersionDate "2021.10.06"]
[SourceQuality "1"]

1. d4 Nf6 2. Bf4 g6 3. e3 Bg7 4. Nf3 d6 5. Nbd2 O-O 6. h3 c5 7. c3 cxd4 8. cxd4 Nc6 9. a3 e5 10. dxe5 dxe5 11. Nxe5 Nd5 12. Nxc6 bxc6 13. Qf3 Nxf4 14. Qxf4 Be6 15. Bc4 Rb8 16. Rd1 Rxb2 17. Bxe6 fxe6 18. Qc4 Qa5 19. Qxe6+ Kh8 20. Qe7 Rd8 21. O-O Rbxd2 22. Rxd2 Qxd2 23. Qxa7 Qd5 24. Rb1 c5 25. Rb7 Qe5 26. Rd7 Rf8 27. g3 c4 28. Rc7 c3 29. a4 Qf6 30. e4 Qd4 31. Qxd4 Bxd4 32. Rc4 Bxf2+ 33. Kg2 Be1 34. a5 Rf2+ 35. Kg1 Ra2 36. Kf1 Bd2 37. Ke2 Rxa5 38. Kd3 Ra7 39. e5 Kg7 40. Rc6 Be1 41. g4 Re7 42. Ke4 Kf7 43. Kd5 Rd7+ 44. Ke4 Ke7 45. Ke3 Kd8 46. Ke2 Bd2 47. e6 Rd5 48. Kd1 Re5 49. Kc2 g5 50. Ra6 Re1 51. Ra8+ Ke7 52. Ra7+ Kxe6 53. Rxh7 Rh1 0-1

[Event "Montcalm op 1 2017-18"]
[Site "Quebec CAN"]
[Date "2017.10.05"]
[Round "5"]
[White "Pare, Marc"]
[Black "Sarra-Bournet, Marc"]
[Result "1-0"]
[WhiteElo "2040"]
[BlackElo "1767"]
[WhiteFideId "-1"]
[WhiteFideId "-1"]
[PlyCount "73"]
[GameId "2160767908347026"]
[EventDate "2017.09.07"]
[EventType "swiss"]
[EventRounds "5"]
[EventCountry "CAN"]
[SourceTitle "EXT 2022"]
[Source "ChessBase"]
[SourceDate "2021.10.06"]
[SourceVersion "1"]
[SourceVersionDate "2021.10.06"]
[SourceQuality "1"]

1. e4 e5 2. Nf3 Nc6 3. Bc4 Bc5 4. b4 Bxb4 5. c3 Ba5 6. d4 exd4 7. O-O Nge7 8. Ng5 Ne5 9. Bxf7+ Nxf7 10. Nxf7 Kxf7 11. Qh5+ g6 12. Qxa5 b6 13. Qa4 d5 14. Qxd4 c5 15. Qe5 h6 16. exd5 Bf5 17. c4 Qd7 18. Bb2 Rh7 19. Nc3 Rd8 20. Ne2 Nc8 21. Qf6+ Kg8 22. Ng3 Rf8 23. Qc3 Nd6 24. Rae1 Qa4 25. Nxf5 Nxf5 26. Re6 Nd4 27. Rxg6+ Kf7 28. Qd3 Qxa2 29. Bxd4 cxd4 30. Qf5+ Ke8 31. Re1+ Re7 32. Rxe7+ Kxe7 33. Qe6+ Kd8 34. Qd6+ Kc8 35. Qxf8+ Kb7 36. Rg7+ Ka6 37. Qc8+ 1-0

[Event "Montcalm op 1 2017-18"]
[Site "Quebec CAN"]
[Date "2017.10.05"]
[Round "5"]
[White "Perreault, Jacquelin"]
[Black "Beaudoin, Stephane"]
[Result "0-1"]
[WhiteElo "1798"]
[BlackElo "2056"]
[WhiteFideId "-1"]
[WhiteFideId "-1"]
[PlyCount "74"]
[GameId "2160767908347027"]
[EventDate "2017.09.07"]
[EventType "swiss"]
[EventRounds "5"]
[EventCountry "CAN"]
[SourceTitle "EXT 2022"]
[Source "ChessBase"]
[SourceDate "2021.10.06"]
[SourceVersion "1"]
[SourceVersionDate "2021.10.06"]
[SourceQuality "1"]

1. e4 g6 2. d4 Bg7 3. Nc3 d6 4. Nf3 a6 5. a4 Nf6 6. Be3 O-O 7. Qd2 c6 8. Be2 Qc7 9. h3 Nbd7 10. O-O c5 11. Bh6 cxd4 12. Nxd4 Nc5 13. Bxg7 Kxg7 14. Bf3 e5 15. Nde2 Qb6 16. a5 Qc6 17. Rfd1 Rd8 18. b4 Ncxe4 19. Nxe4 Nxe4 20. Qd3 f5 21. Ng3 Be6 22. Nxe4 fxe4 23. Qxe4 Qxe4 24. Bxe4 d5 25. Bd3 Rac8 26. Rac1 Rc3 27. b5 axb5 28. Bxb5 Rdc8 29. a6 bxa6 30. Bxa6 R8c5 31. Bb7 Kf6 32. Rd2 d4 33. Be4 Bf5 34. Bxf5 Kxf5 35. g3 d3 36. Kh2 Rxc2 37. Rcxc2 dxc2 0-1

[Event "Montcalm op 2 2017-18"]
[Site "Quebec CAN"]
[Date "2017.10.12"]
[Round "1"]
[White "Chouinard, Etienne"]
[Black "Bender, Karl"]
[Result "1-0"]
[WhiteElo "1880"]
[BlackElo "1561"]
[WhiteFideId "-1"]
[WhiteFideId "-1"]
[PlyCount "98"]
[GameId "2160767908317495"]
[EventDate "2017.10.12"]
[EventType "swiss"]
[EventRounds "5"]
[EventCountry "CAN"]
[SourceTitle "EXT 2022"]
[Source "ChessBase"]
[SourceDate "2021.10.06"]
[SourceVersion "1"]
[SourceVersionDate "2021.10.06"]
[SourceQuality "1"]

1. e4 c5 2. f4 g6 3. Nf3 d6 4. c3 Bg7 5. d4 cxd4 6. cxd4 Nd7 7. Nc3 e6 8. Be3 Ne7 9. Bd3 O-O 10. O-O a6 11. Rc1 b6 12. Qb3 Bb7 13. Rc2 Rc8 14. Rfc1 d5 15. e5 Nc6 16. Ne2 Qe7 17. Rc3 Na5 18. Qd1 Rxc3 19. Rxc3 b5 20. b3 Rc8 21. Rxc8+ Bxc8 22. Qc1 Qd8 23. Bd2 Bb7 24. g4 Nc6 25. Ng3 Qc8 26. f5 Nxd4 27. Qxc8+ Bxc8 28. Nxd4 Nxe5 29. Be2 Nxg4 30. Nc6 Bf8 31. Bxg4 gxf5 32. Bh5 Bc5+ 33. Kf1 f6 34. Bb4 Bxb4 35. Nxb4 Kf8 36. Ke2 d4 37. Kd3 e5 38. Nd5 f4 39. Ne4 f5 40. Nd6 Be6 41. Nc7 Ke7 42. Nxe6 Kxd6 43. Ng7 Ke7 44. Nxf5+ Kf6 45. Nd6 Kg5 46. Bf3 b4 47. Ke4 Kf6 48. Nc4 d3 49. Nxe5 d2 1-0

[Event "Montcalm op 2 2017-18"]
[Site "Quebec CAN"]
[Date "2017.10.12"]
[Round "1"]
[White "Gagnon, Stephane"]
[Black "Perreault, Jacquelin"]
[Result "0-1"]
[WhiteElo "1528"]
[BlackElo "1850"]
[WhiteFideId "-1"]
[WhiteFideId "-1"]
[PlyCount "70"]
[GameId "2160767908317496"]
[EventDate "2017.10.12"]
[EventType "swiss"]
[EventRounds "5"]
[EventCountry "CAN"]
[SourceTitle "EXT 2022"]
[Source "ChessBase"]
[SourceDate "2021.10.06"]
[SourceVersion "1"]
[SourceVersionDate "2021.10.06"]
[SourceQuality "1"]

1. e4 c5 2. Nf3 d6 3. d4 cxd4 4. Nxd4 Nf6 5. Nc3 a6 6. Bg5 e6 7. f4 Nc6 8. Nxc6 bxc6 9. e5 h6 10. Bh4 g5 11. exf6 gxh4 12. Qf3 Bd7 13. O-O-O Rb8 14. Bc4 Qxf6 15. Bb3 d5 16. Rhe1 Be7 17. g4 Kf8 18. Kb1 Bb4 19. Re3 a5 20. a3 Bd6 21. Ne2 Bxa3 22. bxa3 a4 23. Rdd3 c5 24. Re5 c4 25. g5 hxg5 26. Rdxd5 Bc6 27. Rd8+ Qxd8 28. Qxc6 cxb3 29. Qc5+ Qe7 30. Rxg5 bxc2+ 31. Kxc2 Qxc5+ 32. Rxc5 Ke7 33. Nd4 Kf6 34. h3 Rhc8 35. Nc6 Rb6 0-1

[Event "Montcalm op 2 2017-18"]
[Site "Quebec CAN"]
[Date "2017.10.12"]
[Round "1"]
[White "Gaulin, Gaetan"]
[Black "Cummins, Paul"]
[Result "1/2-1/2"]
[WhiteElo "1947"]
[BlackElo "1808"]
[WhiteFideId "-1"]
[WhiteFideId "-1"]
[PlyCount "61"]
[GameId "2160767908317497"]
[EventDate "2017.10.12"]
[EventType "swiss"]
[EventRounds "5"]
[EventCountry "CAN"]
[SourceTitle "EXT 2022"]
[Source "ChessBase"]
[SourceDate "2021.10.06"]
[SourceVersion "1"]
[SourceVersionDate "2021.10.06"]
[SourceQuality "1"]

1. c4 e6 2. g3 Nf6 3. Bg2 d5 4. Nf3 c6 5. b3 b6 6. Bb2 Bd6 7. O-O O-O 8. d4 Ba6 9. Nbd2 Qe7 10. Qc2 Nbd7 11. e4 dxe4 12. Nxe4 Nxe4 13. Qxe4 Rac8 14. Rfe1 Rfe8 15. Ne5 Nxe5 16. dxe5 Ba3 17. Bc3 Bb4 18. Qc2 Bxc3 19. Qxc3 c5 20. Red1 Red8 21. Be4 Rc7 22. Rxd8+ Qxd8 23. Qc2 h6 24. Rd1 Rd7 25. Rxd7 Qxd7 26. Qd3 Qxd3 27. Bxd3 Bb7 28. f4 Kf8 29. Kf2 Ke7 30. Ke3 Bc6 31. Be4 1/2-1/2

[Event "Montcalm op 2 2017-18"]
[Site "Quebec CAN"]
[Date "2017.10.12"]
[Round "1"]
[White "Lessard, Claude"]
[Black "Dube, Dominic"]
[Result "1-0"]
[WhiteElo "2143"]
[BlackElo "1877"]
[WhiteFideId "-1"]
[WhiteFideId "-1"]
[PlyCount "49"]
[GameId "2160767908317498"]
[EventDate "2017.10.12"]
[EventType "swiss"]
[EventRounds "5"]
[EventCountry "CAN"]
[SourceTitle "EXT 2022"]
[Source "ChessBase"]
[SourceDate "2021.10.06"]
[SourceVersion "1"]
[SourceVersionDate "2021.10.06"]
[SourceQuality "1"]

1. d4 d5 2. Nf3 Nf6 3. e3 e6 4. Bd3 c5 5. b3 Nbd7 6. O-O b6 7. Bb2 Qc7 8. Nbd2 Bd6 9. c4 Bb7 10. Rc1 a5 11. cxd5 exd5 12. Nb1 O-O 13. Nc3 Bc6 14. Nb5 Bxb5 15. Bxb5 Qb7 16. Ne5 Rac8 17. Nxd7 Nxd7 18. dxc5 Nxc5 19. Qg4 f6 20. Rfd1 Be5 21. Bxe5 fxe5 22. Rxd5 Nxb3 23. Rxc8 Qxc8 24. Rd7 Qc1+ 25. Bf1 1-0

[Event "Montcalm op 2 2017-18"]
[Site "Quebec CAN"]
[Date "2017.10.12"]
[Round "1"]
[White "Pare, Marc"]
[Black "Sarra-Bournet, Marc"]
[Result "1-0"]
[WhiteElo "2001"]
[BlackElo "1771"]
[WhiteFideId "-1"]
[WhiteFideId "-1"]
[PlyCount "69"]
[GameId "2160767908317499"]
[EventDate "2017.10.12"]
[EventType "swiss"]
[EventRounds "5"]
[EventCountry "CAN"]
[SourceTitle "EXT 2022"]
[Source "ChessBase"]
[SourceDate "2021.10.06"]
[SourceVersion "1"]
[SourceVersionDate "2021.10.06"]
[SourceQuality "1"]

1. b3 d5 2. Bb2 c5 3. e3 Nc6 4. Nf3 Nf6 5. Bb5 Bd7 6. O-O e6 7. d4 Be7 8. Nbd2 O-O 9. c4 Rc8 10. Ne5 Nxe5 11. dxe5 Ne8 12. Bxd7 Qxd7 13. Qg4 Qc6 14. Rac1 f5 15. exf6 Bxf6 16. Bxf6 Rxf6 17. Nf3 Rg6 18. Qh3 Rh6 19. Ne5 Qc7 20. Qg3 Nf6 21. f4 Qd8 22. Rfd1 Ne4 23. Qf3 Qh4 24. h3 Nf6 25. cxd5 exd5 26. Rxd5 b6 27. Rcd1 g5 28. fxg5 Qxg5 29. Nf7 Qg7 30. Nxh6+ Qxh6 31. Rd6 Rf8 32. Rf1 Qg7 33. e4 Qg5 34. Rd5 Qg6 35. e5 1-0

[Event "Montcalm op 2 2017-18"]
[Site "Quebec CAN"]
[Date "2017.10.19"]
[Round "2"]
[White "Cummins, Paul"]
[Black "Sarra-Bournet, Marc"]
[Result "1/2-1/2"]
[WhiteElo "1808"]
[BlackElo "1777"]
[WhiteFideId "-1"]
[WhiteFideId "-1"]
[PlyCount "83"]
[GameId "2160767908317500"]
[EventDate "2017.10.12"]
[EventType "swiss"]
[EventRounds "5"]
[EventCountry "CAN"]
[SourceTitle "EXT 2022"]
[Source "ChessBase"]
[SourceDate "2021.10.06"]
[SourceVersion "1"]
[SourceVersionDate "2021.10.06"]
[SourceQuality "1"]

1. e4 e5 2. Nf3 Nc6 3. d4 exd4 4. Bc4 Bb4+ 5. c3 dxc3 6. bxc3 Ba5 7. O-O d6 8. Ng5 Nh6 9. Nf3 Qf6 10. e5 dxe5 11. Ba3 Bd7 12. Nbd2 O-O-O 13. Qb3 Bf5 14. Bb4 Bxb4 15. cxb4 e4 16. b5 Na5 17. Qa4 Qb6 18. Nxe4 Bxe4 19. Be6+ fxe6 20. Qxe4 Rd5 21. a4 Qd6 22. Qe3 b6 23. h3 Nf5 24. Qe4 Nd4 25. Nxd4 Re8 26. Nf3 g6 27. Rac1 Kb8 28. Qh4 h5 29. Qe4 g5 30. Qg6 Qd8 31. Qxh5 Rf8 32. Nh2 Rd2 33. Ng4 Rd4 34. Qh6 Qe7 35. Rfe1 Rxa4 36. Rxe6 Qd8 37. Qg7 Rd4 38. Re7 Rd1+ 39. Rxd1 Qxd1+ 40. Kh2 Qd6+ 41. Qe5 Nc4 42. Qxd6 1/2-1/2

[Event "Montcalm op 2 2017-18"]
[Site "Quebec CAN"]
[Date "2017.10.19"]
[Round "2"]
[White "Dube, Dominic"]
[Black "Pare, Marc"]
[Result "1-0"]
[WhiteElo "1877"]
[BlackElo "2001"]
[WhiteFideId "-1"]
[WhiteFideId "-1"]
[PlyCount "51"]
[GameId "2160767908317501"]
[EventDate "2017.10.12"]
[EventType "swiss"]
[EventRounds "5"]
[EventCountry "CAN"]
[SourceTitle "EXT 2022"]
[Source "ChessBase"]
[SourceDate "2021.10.06"]
[SourceVersion "1"]
[SourceVersionDate "2021.10.06"]
[SourceQuality "1"]

1. e4 d5 2. exd5 Nf6 3. Nc3 Nxd5 4. Nxd5 Qxd5 5. d4 Nc6 6. c3 e5 7. Qe2 Be7 8. dxe5 O-O 9. Bf4 Bf5 10. Qc4 Qd7 11. Rd1 Qe8 12. Be2 Be6 13. Qa4 f6 14. exf6 Bxf6 15. Be3 Qf7 16. Nf3 Bxa2 17. c4 Bxb2 18. Qxa2 Bc3+ 19. Bd2 Be5 20. O-O Bd6 21. Qa4 Kh8 22. Bc3 a6 23. Bd3 Qh5 24. c5 Qxc5 25. Qh4 h5 26. Qe4 1-0

[Event "Montcalm op 2 2017-18"]
[Site "Quebec CAN"]
[Date "2017.10.19"]
[Round "2"]
[White "Genest, Dominic"]
[Black "Chouinard, Etienne"]
[Result "0-1"]
[WhiteElo "1739"]
[BlackElo "1860"]
[WhiteFideId "-1"]
[WhiteFideId "-1"]
[PlyCount "70"]
[GameId "2160767908317502"]
[EventDate "2017.10.12"]
[EventType "swiss"]
[EventRounds "5"]
[EventCountry "CAN"]
[SourceTitle "EXT 2022"]
[Source "ChessBase"]
[SourceDate "2021.10.06"]
[SourceVersion "1"]
[SourceVersionDate "2021.10.06"]
[SourceQuality "1"]

1. c4 Nf6 2. g3 g6 3. Nf3 Bg7 4. Bg2 O-O 5. O-O d6 6. Nc3 c6 7. b4 Nbd7 8. Bb2 Rb8 9. a4 a5 10. b5 c5 11. d3 b6 12. Qc2 Bb7 13. e4 e5 14. Bc1 Bc8 15. Nh4 Nh5 16. Bh3 Ndf6 17. Bxc8 Qxc8 18. Bg5 h6 19. Bxf6 Bxf6 20. Ng2 Qh3 21. f4 exf4 22. Nxf4 Bd4+ 23. Rf2 Nxf4 24. gxf4 Bxf2+ 25. Qxf2 Qxd3 26. Nd5 Kg7 27. Qb2+ f6 28. e5 dxe5 29. fxe5 Qxc4 30. Nxf6 Rbd8 31. Kh1 Qd4 32. Qa2 Qxe5 33. Ng4 Qe4+ 34. Qg2 Qxg2+ 35. Kxg2 Rd2+ 0-1

[Event "Montcalm op 2 2017-18"]
[Site "Quebec CAN"]
[Date "2017.10.19"]
[Round "2"]
[White "Perreault, Jacquelin"]
[Black "Lapierre, Gaetan"]
[Result "0-1"]
[WhiteElo "1850"]
[BlackElo "1834"]
[WhiteFideId "-1"]
[WhiteFideId "-1"]
[PlyCount "68"]
[GameId "2160767908317503"]
[EventDate "2017.10.12"]
[EventType "swiss"]
[EventRounds "5"]
[EventCountry "CAN"]
[SourceTitle "EXT 2022"]
[Source "ChessBase"]
[SourceDate "2021.10.06"]
[SourceVersion "1"]
[SourceVersionDate "2021.10.06"]
[SourceQuality "1"]

1. e4 c6 2. d4 d5 3. Nd2 dxe4 4. Nxe4 Bf5 5. Ng3 Bg6 6. h4 h6 7. Nf3 Nd7 8. h5 Bh7 9. Bd3 Bxd3 10. Qxd3 e6 11. Bd2 Ngf6 12. O-O-O Be7 13. Kb1 O-O 14. Ne4 Nxe4 15. Qxe4 Nf6 16. Qe2 b5 17. Ne5 Qb6 18. Ng6 Rfe8 19. Nxe7+ Rxe7 20. g4 Nd5 21. g5 hxg5 22. Bxg5 f6 23. Bd2 b4 24. Qd3 e5 25. dxe5 fxe5 26. h6 Rd8 27. Qg3 Red7 28. Kc1 Nf4 29. Bxf4 exf4 30. Qb3+ Rd5 31. hxg7 Kxg7 32. Rdg1+ Kf8 33. Qf3 Qd4 34. Rh4 Qd2+ 0-1

[Event "Montcalm op 2 2017-18"]
[Site "Quebec CAN"]
[Date "2017.10.26"]
[Round "3"]
[White "Chouinard, Etienne"]
[Black "Lapierre, Gaetan"]
[Result "1-0"]
[WhiteElo "1880"]
[BlackElo "1834"]
[WhiteFideId "-1"]
[WhiteFideId "-1"]
[PlyCount "93"]
[GameId "2160767908317504"]
[EventDate "2017.10.12"]
[EventType "swiss"]
[EventRounds "5"]
[EventCountry "CAN"]
[SourceTitle "EXT 2022"]
[Source "ChessBase"]
[SourceDate "2021.10.06"]
[SourceVersion "1"]
[SourceVersionDate "2021.10.06"]
[SourceQuality "1"]

1. e4 d5 2. exd5 Nf6 3. d4 Nxd5 4. Nf3 Nf6 5. Bc4 e6 6. O-O Be7 7. Re1 O-O 8. Nc3 Nbd7 9. Bg5 c6 10. Qd2 b5 11. Bb3 Bb7 12. Rad1 a6 13. Qe2 Re8 14. Bxf6 Nxf6 15. Rd3 a5 16. a4 b4 17. Ne4 Ba6 18. Neg5 Bxd3 19. Qxd3 Bd6 20. Nxf7 Kxf7 21. Ng5+ Kg8 22. Bxe6+ Rxe6 23. Rxe6 Ra7 24. Qc4 Nd5 25. Qxc6 Qxg5 26. f4 Nxf4 27. Rxd6 Nh3+ 28. Kf1 Rf7+ 29. Ke2 Rf2+ 30. Kd3 Qd2+ 31. Kc4 Qxc2+ 32. Kb5 Qxc6+ 33. Rxc6 Rxg2 34. b3 Nf4 35. Kxa5 Rxh2 36. Kxb4 Nd5+ 37. Ka5 Rb2 38. Rc5 Ne7 39. b4 Rd2 40. b5 Rxd4 41. b6 Nd5 42. b7 Rb4 43. Rb5 Rxa4+ 44. Kxa4 Nc3+ 45. Ka5 Nxb5 46. Kxb5 h5 47. b8=Q+ 1-0

[Event "Montcalm op 2 2017-18"]
[Site "Quebec CAN"]
[Date "2017.10.26"]
[Round "3"]
[White "Lessard, Claude"]
[Black "Cummins, Paul"]
[Result "1-0"]
[WhiteElo "2152"]
[BlackElo "1808"]
[WhiteFideId "-1"]
[WhiteFideId "-1"]
[PlyCount "41"]
[GameId "2160767908317505"]
[EventDate "2017.10.12"]
[EventType "swiss"]
[EventRounds "5"]
[EventCountry "CAN"]
[SourceTitle "EXT 2022"]
[Source "ChessBase"]
[SourceDate "2021.10.06"]
[SourceVersion "1"]
[SourceVersionDate "2021.10.06"]
[SourceQuality "1"]

1. e4 c5 2. b4 cxb4 3. a3 d5 4. exd5 Qxd5 5. Nf3 Bg4 6. Bb2 Bxf3 7. Qxf3 Qxf3 8. gxf3 Nf6 9. axb4 Nd5 10. b5 Nd7 11. Nc3 Nxc3 12. Bxc3 e5 13. f4 Bd6 14. Bg2 e4 15. Bxe4 Nc5 16. Bf3 O-O 17. Rg1 f6 18. Bd4 a6 19. Bxc5 axb5 20. Rxa8 Rxa8 21. Bxd6 1-0

[Event "Montcalm op 2 2017-18"]
[Site "Quebec CAN"]
[Date "2017.10.26"]
[Round "3"]
[White "Pare, Marc"]
[Black "Gaulin, Gaetan"]
[Result "1-0"]
[WhiteElo "2001"]
[BlackElo "1947"]
[WhiteFideId "-1"]
[WhiteFideId "-1"]
[PlyCount "85"]
[GameId "2160767908317506"]
[EventDate "2017.10.12"]
[EventType "swiss"]
[EventRounds "5"]
[EventCountry "CAN"]
[SourceTitle "EXT 2022"]
[Source "ChessBase"]
[SourceDate "2021.10.06"]
[SourceVersion "1"]
[SourceVersionDate "2021.10.06"]
[SourceQuality "1"]

1. e4 c5 2. c3 Nf6 3. e5 Nd5 4. d4 cxd4 5. Qxd4 e6 6. Bc4 Nc6 7. Qe4 Nde7 8. Bf4 Ng6 9. Bg3 d6 10. exd6 Bxd6 11. Ne2 O-O 12. Bxd6 Qxd6 13. Nd2 Bd7 14. O-O-O Qc7 15. f4 Na5 16. Bd3 b5 17. Kb1 Nb7 18. Bc2 Nc5 19. Qe3 a5 20. h4 Ne7 21. h5 Nf5 22. Qf2 Na4 23. g4 Nh6 24. g5 Nf5 25. h6 Qb6 26. Qxb6 Nxb6 27. hxg7 Kxg7 28. Bxf5 exf5 29. Rh6 Rab8 30. Nb3 Be6 31. Nbd4 Rfe8 32. Rdh1 Rh8 33. Ng3 Nd5 34. Ngxf5+ Bxf5+ 35. Nxf5+ Kg8 36. R6h4 Re8 37. Rd1 Ne7 38. Re1 Kf8 39. Nd6 Rb8 40. f5 b4 41. c4 a4 42. f6 Nc6 43. Rhe4 1-0

[Event "Montcalm op 2 2017-18"]
[Site "Quebec CAN"]
[Date "2017.10.26"]
[Round "3"]
[White "Sarra-Bournet, Marc"]
[Black "Dube, Dominic"]
[Result "1-0"]
[WhiteElo "1771"]
[BlackElo "1827"]
[WhiteFideId "-1"]
[WhiteFideId "-1"]
[PlyCount "163"]
[GameId "2160767908317507"]
[EventDate "2017.10.12"]
[EventType "swiss"]
[EventRounds "5"]
[EventCountry "CAN"]
[SourceTitle "EXT 2022"]
[Source "ChessBase"]
[SourceDate "2021.10.06"]
[SourceVersion "1"]
[SourceVersionDate "2021.10.06"]
[SourceQuality "1"]

1. e4 c6 2. d4 d5 3. Nc3 dxe4 4. Nxe4 Bf5 5. Ng3 Bg6 6. Nf3 Nd7 7. Bd3 Bxd3 8. Qxd3 Ngf6 9. O-O e6 10. Re1 Qc7 11. Ng5 Be7 12. Bd2 h6 13. Nxe6 fxe6 14. Rxe6 Nf8 15. Rxe7+ Kxe7 16. Re1+ Kd8 17. Bb4 N8d7 18. Be7+ Kc8 19. Nf5 Ne8 20. Bh4 b5 21. Bg3 Qa5 22. Ne7+ Kb7 23. Qe4 Qb6 24. d5 Nc5 25. dxc6+ Ka6 26. Qe3 Nc7 27. Bxc7 Qxc7 28. Qxc5 Qb6 29. Qa3+ Qa5 30. Qxa5+ Kxa5 31. c7 Rhe8 32. Kf1 b4 33. c8=Q Raxc8 34. Nxc8 Rxc8 35. Re2 Rc7 36. h4 Kb5 37. g3 a5 38. Ke1 Kc4 39. Kd1 a4 40. Re4+ Kb5 41. Re3 Rd7+ 42. Ke2 Rc7 43. Kd2 Rd7+ 44. Rd3 Rf7 45. Ke2 Kc4 46. h5 Rf5 47. g4 Rg5 48. c3 bxc3 49. Rxc3+ Kb4 50. Re3 Kc4 51. Re4+ Kb5 52. Ke3 Rc5 53. Re7 Rc2 54. Rxg7 Kc6 55. Rg6+ Kb7 56. Rd6 Rxb2 57. Rd2 a3 58. g5 hxg5 59. h6 Kc7 60. h7 Rb8 61. Rd3 Re8+ 62. Kd4 Rh8 63. Rxa3 Kb6 64. Ke5 Rxh7 65. Kf5 Rg7 66. Kf6 Rg8 67. Kf7 Rc8 68. Rb3+ Ka5 69. Kf6 Rc5 70. Re3 Kb4 71. a3+ Ka4 72. Kg6 Rd5 73. Kh5 Kb5 74. Kg4 Kc4 75. Re8 Kd4 76. Rg8 Ra5 77. Rxg5 Rxa3 78. f4 Ra6 79. Rg8 Rf6 80. f5 Ke5 81. Re8+ Kd6 82. Kg5 1-0